| 000 | 00389nam a22001577a 4500 | ||
|---|---|---|---|
| 003 | OSt | ||
| 005 | 20221110191312.0 | ||
| 008 | 221006b |||||||| |||| 00| 0 eng d | ||
| 040 | _cBiblioteca Lado V | ||
| 082 |
_a750 _bJ86f |
||
| 100 | _ecurador | ||
| 245 | _aFIAC Edition Saga 89/ | ||
| 260 | _aParis | ||
| 300 |
_c21x30cm _a168p. |
||
| 942 |
_2ddc _c1 _h750 _iJ86f _n0 |
||
| 999 |
_c2576 _d2576 |
||